Future of India / (Record no. 145762)

MARC details
000 -LEADER
fixed length control field 00696nam a22001937a 4500
005 - DATE AND TIME OF LATEST TRANSACTION
control field 20190624125503.0
010 ## - LCCN (DPL NO)
LC control number 1718EN-30 B-688528-533 ENG-125729
020 ## - INTERNATIONAL STANDARD BOOK NUMBER
Terms of availability 300.00
International Standard Book Number 9789351866473
035 ## - SYSTEM CONTROL NUMBER
System control number B-688528-533 EN-109261
037 ## - SOURCE OF ACQUISITION
Source of stock number/acquisition Prabhat
Stock number dpl
082 ## - DEWEY DECIMAL CLASSIFICATION NUMBER
Classification number 330.954
100 ## - MAIN ENTRY--PERSONAL NAME
Personal name Bhalla, D
245 ## - TITLE STATEMENT
Title Future of India /
Statement of responsibility, etc by D. Bhalla
260 ## - PUBLICATION, DISTRIBUTION, ETC. (IMPRINT)
Place of publication, distribution, etc New Delhi
Name of publisher, distributor, etc Prabhat Prakashan
Date of publication, distribution, etc 2016
270 ## - ADDRESS
City New Delhi
Address 4/19 Asaf Ali Road,
Postal code 110002
300 ## - PHYSICAL DESCRIPTION
Extent 176p.
Dimensions 21cm(hb)
942 ## - ADDED ENTRY ELEMENTS (KOHA)
Item type English Books
Call number suffix BHA
Source of classification or shelving scheme Dewey Decimal Classification
Classification part 330.954
Holdings
Withdrawn status Lost status Not for loan Collection code Home library Current library Date acquired Source of acquisition Cost, normal purchase price Full call number Barcode Koha item type Copy number Cost, replacement price
      Non-fiction Ashok Vihar Ashok Vihar 12/06/2018 Prabhat/L3161/05.12.17/671/20.11.17/15.01.18 300.00 330.954 BHA B-688532 English Books    
      Non-fiction Central Library Central Library 12/06/2018 Prabhat/L3161/05.12.17/671/20.11.17/15.01.18 300.00 330.954 BHA B-688528 English Books    
      Non-fiction Central Library Central Library 24/06/2019 DBAD/PUB 300.00 330.954 BHA EN-109261 English Books 1 300.00
      Non-fiction Mobile Library Mobile Library 12/06/2018 Prabhat/L3161/05.12.17/671/20.11.17/15.01.18 300.00 330.954 BHA B-688529 English Books    
      Non-fiction Mobile Library Mobile Library 12/06/2018 Prabhat/L3161/05.12.17/671/20.11.17/15.01.18 300.00 330.954 BHA B-688530 English Books    
      Non-fiction New Police Line New Police Line 12/06/2018 Prabhat/L3161/05.12.17/671/20.11.17/15.01.18 300.00 330.954 BHA B-688531 English Books    
      Non-fiction Sarojini Nagar Sarojini Nagar 12/06/2018 Prabhat/L3161/05.12.17/671/20.11.17/15.01.18 300.00 330.954 BHA B-688533 English Books    

© Delhi Public Library
Hit Counter
free hit counter